000 00915nam a22002537a 4500
005 20240530110432.0
008 150225s2012 ua obedg b 000 0 ara d
017 _a10442/2011
_bمصر . دار الكتب المصرية
020 _a9789773503995
040 _aEG-CaGPL
041 0 _aara
082 0 4 _221
_a711.4\
_bإ ت
100 0 _aاسماعيل عبدالعزيز عامر
245 1 2 _aالتخطيط العمرانى والتصميم الحضرى /
_cتاليف اسماعيل عبدالعزيز عامر
250 _aط1
260 _aالقاهرة :
_bدار الكتاب الحديث ،
_c2012
300 _a149 ص :
_bايض ؛
_c22 سم
504 _aببليوجرافية : ص 147 - 149
650 0 4 _aتخطيط المدن
650 0 4 _aالاحياء السكنية
650 0 4 _aالتخطيط الاقليمى
942 _2ddc
_cBK
999 _c60873
_d60873